000 00915nam a2200229Ii 4500
003 JO-AjNU
008 230605s9999||||xx |||||||||||||| ||und||
017 _a2009/3/1089
020 _a978-9957-19-032-3
040 _aJO-AjNU
_bara
_erda
_cJO-AjNU
041 _aara
050 1 4 _aPJ8190.M32 2009
100 3 _aخليل، إبراهيم وآخرون ؛ مراجعة وتقديم صلاح جرار,
_eauthor
_949618
245 0 0 _aمعالم الحياة الأدبية في فلسطين والأردن (1950-2000)
250 _aط1
264 3 1 _aبيروت: المؤسسة العربية للدراسات والنشر، 2009 ؛ عمان: دار الفارس للنشر، 2009
300 _a651ص
336 _atext
_btxt
_2rdacontent
337 _aunmediated
_bn
_2rdamedia
338 _avolume
_bnc
_2rdacarrier
650 4 _aالأدب العربي - الأردن - فلسطين - تاريخ ونقد
_949619
999 _aA21804
_c25372
_d25372